00757nam a2200217Ia 4500001001800000003000900018008004100027040002300068041001300091100002400104240003400128245003000162250001500192260002200207300001900229500002000248501012400268520009200392700002200484700003300506220.9-ATL (11617)IT-MiSPE171229s9999||||xx |||||||||||||| ||und|| aIT-MiSPEcIT-MiSPE aITALIANO aJames B. Pritchard  aThe Times Atlas of the Bible  0aAtlante del mondo biblico a1a ed. (v) aTorinobLDCc1991 a256 p. c37 cm aAtlanti biblici aEdizioni San Paolo srl - Piazza Soncino, 5 - 20092 CINISELLO BALSAMO (MI) (non commercial uses only) ® Copyright 2018 aAltri autori: Enrico Pollet . Centro Catechistico Salesiano di Rivoli, Ill., cart. geo. aGualtiero Poletti aNicolò€ Suffig(traduzione)